| 000 | 00434nam a2200157Ia 4500 | ||
|---|---|---|---|
| 005 | 20241217150242.0 | ||
| 008 | 231217s9999 xx 000 0 und d | ||
| 020 | _a9780070486843 | ||
| 082 | _a001.535 MAL;2 R1 | ||
| 100 | _aMallach, Efrem G | ||
| 245 | 0 | _aDecision Support and data warehouse systems | |
| 260 |
_c2000 _bTMH _aNew Delhi |
||
| 300 | _axix+664 | ||
| 650 | _aDecision,Support,data,warehouse,systems | ||
| 942 | _cAA | ||
| 999 |
_c180596 _d180596 |
||